000 01241nam0a2200325 4500
001 RU\NLR\bibl\1300066
005 20260405114321.0
010 _a978-5-469-01280-1
_93000
021 _aRU
_b2008-79226
_94601
035 _a(NLR Aleph) 001285661
090 _a527039
_c527039
100 _a20081128d2008 |||y0rusy50 ca
101 0 _arus
102 _aRU
105 _ay |||||||||
200 1 _aИстория философии
_fС.В. Орлов
210 _aСанкт-Петербург [и др.]
_cПитер
_d2008
215 _a189 с.
_d21
225 1 _aКраткий курс
300 _aНа 4-й с. обл. авт.: С.В. Орлов - д.филос.н., проф.
320 _aБиблиогр.: с. 186-187 (33 назв.)
606 1 _aФилософия
_jУчебные издания для высших учебных заведений
_xИстория
_91388522
_3RU\NLR\auth\66270120
686 _aЮ3(0)я73
700 1 _4070
_8rus
_7ca
_aОрлов
_bС. В.
_cд-р филос. наук
_gСергей Владимирович
_3RU\NLR\auth\7744884
_927824
801 0 _aRU
_bNLR
_c20081128
_gRCR
801 1 _aRU
_bNLR
_c20081128
830 _aавт. по кн.
942 _cBOOK
980 _aNB